000 02371nam a2200469 c 4500
999 _c51681
_d51681
001 51681
003 ES-MaCES
005 20210201110335.0
008 210201s2020 sp d 000 | spa d
017 _aM 21687-2020
_bDL
020 _a9788412225235
040 _aES-MaCES
_bspa
_cES-MaCES
041 1 _aspa
_heng
100 1 _99597
_aChomsky, Noam
245 1 0 _aCambiar o morir
_b: capitalismo, crisis climática y el "Green New Deal"
_cNoam Chomsky y Robert Pollin ; junto a Chronis Polychroniou ; [trad., Teresita de Vedia e Ignacio Barbeito]
250 _a1ª ed
260 _aMadrid
_bClave intelectual
_c2020
300 _a185 p.
_c22 cm
500 _aTraducción de: Climate crisis and the global green New Deal: the political economy of saving the planet
520 _aEn este libro Noam Chomsky y Robert Pollin analizan la economía política del cambio climático y su imbricación con el modelo neoliberal de producción y la globalización financiera. Proponen como salida un Green New Deal, un Nuevo Acuerdo Ecológico mundial que lleve a la eliminación total de las emisiones de carbono hacia 2050. Esta salida, sostienen, solo será realista, justa y posible si asegura la superación de la terrible desigualdad social, la inequidad y el empobrecimiento de las mayorías que el imperio del neoliberalismo ha profundizado en las últimas décadas, y la creación de fuentes de trabajo y salarios dignos para todos
541 _cCompra
650 4 _acapitalismo
_927116
650 4 _adesigualdad económica
_929371
650 4 _adesigualdad social
_930789
650 4 _acambio climático
_930961
650 4 _adegradación del medio ambiente
_930722
650 4 _aevaluación del impacto ambiental
_930344
650 4 _adesarrollo sostenible
_930785
650 4 _adesarrollo económico y social
_929234
650 4 _arecursos renovables
_929826
650 4 _apolítica industrial
_927627
650 4 _ateoría económica
_927076
650 4 _aplan de acción
_930406
653 1 0 _aEconomía
700 1 _921183
_aPollin, Robert
700 1 _939845
_aPolychroniou, Chronis
_ecol.
700 1 _939865
_aVedia, Teresita de
_etr.
700 1 _939866
_aBarbeito, Ignacio
_etr.
740 0 2 _aClimate crisis and the global green New Deal: the political economy of saving the planet
902 _aLIB Libro
942 _2CES
_cBK
_h0.0.